000 00696nam a22002415a 4500
008 161122t2015 xxua|||fr|||| 001 0 eng d
020 _a9781292081977
040 _aEG-ScBUE
_beng
_cEG-ScBUE
082 0 4 _222
_a338.5
_bPIN
100 1 _aPindyck, Robert S.
_99066
245 1 0 _aMicroeconomics /
_cRobert S. Pindyk
250 _a8th ed., Global ed.
260 _aBoston :
_bPearson,
_c2015.
300 _a739 p. :
_bill. ;
_c26 cm.
500 _aIndex : p. 728-739.
500 _aGlossary : p. 704-713
500 _aAppendix: p. 696-702
590 _aSuzan Ashmawy
650 7 _2BUEsh
_aMicroeconomics
651 _2BUEsh
700 1 _aRubinfeld, Daniel L.,
_eauthor.
_99068
942 _2ddc
999 _c23274
_d23246